000 01411nam a2200409 i 4500
001 55619
003 KOSZ 005
005 20211203113632.0
008 080523s2008 pl a f f |001 0 pol
015 _aPB 2008/26664
020 _a9788320434545
040 _aWA N
_cWA N
_dKOSZ 005/HR
046 _k2008
080 _a621.99
080 _a621.01
080 _a531.7
100 1 _aMalinowski, Jan
_eAutor
245 1 0 _aPomiary gwintów w budowie maszyn /
_cJan Malinowski, Władysław Jakubiec, Wojciech Płowucha.
260 _aWarszawa :
_bWydawnictwa Naukowo-Techniczne,
_c2008.
300 _a294, [2] s., [8] s. tabl. kolor. :
_bil. ;
_c24 cm.
336 _2rdacontent
_aTekst
_btxt
337 _2rdamedia
_aBez urządzenia pośredniczącego
_bn
338 _2rdacarrier
_aWolumin
_bnc
380 _aKsiążki
380 _aPublikacje fachowe
388 _a2001-
504 _aBibliogr. s. 271-286, wykaz norm s. 286-289. Indeks.
650 7 _aPomiary
650 7 _aGwintowanie
658 _aInżynieria i technika
650 7 _a Konstrukcja maszyn i urządzeń
700 1 _aJakubiec, Władysław
_eAutor
700 1 _aPłowucha, Wojciech
_eAutor
710 2 _aWydawnictwa Naukowo-Techniczne
_4pbl.
856 _uhttp://koha.tu.koszalin.pl/cgi-bin/koha/opac-detail.pl?biblionumber=55619
_yKatalog online BPK
942 _2UKD
_cKS
999 _c55619
_d55619